00423nam a2200121Ia 4500008004100000024004800041082001600089100005700105245004600162260002600208600003400234650003300268260210s9999 xx 000 0 und d a07A-002-TE, 07A-025-TE & 07A-063-TE a620.072 ARI aShams Ud Din Arif, Tajmmul Hussain & Hesham Abid 0aAutomatic traffic Controller Through FPGA aKarachi:bUITU,c2007 aTelecommunication Engineering aBachelor of Engineering (BE)